| 000 | 00708nam a22002657a 4500 | ||
|---|---|---|---|
| 001 | 098 | ||
| 003 | DO-SdBNP | ||
| 005 | 20180126142958.0 | ||
| 007 | 098 | ||
| 008 | 151005b19uu sp 00| 0 spa d | ||
| 020 | _a842331572X | ||
| 040 |
_aBPMSU _bspa _cBPMSU |
||
| 092 |
_aXXXX _bXXXX |
||
| 100 | 1 | _aBrown, Fredric | |
| 240 | 1 | 0 |
_aKnock three-one-two / _leng |
| 245 | 1 | 3 |
_aLlama 3-1-2 / _cFredric Brown ; traducción Julio F. Yañez. |
| 260 |
_aBarcelona : _bEdiciones Destino, _c[19--]. |
||
| 300 |
_a196 p _c18 cm. |
||
| 490 | 1 |
_aEl observador _v73 |
|
| 700 | 1 | 2 |
_aYañez, Julio F. _etrad. |
| 830 | 0 |
_aEl observador _n73 |
|
| 942 |
_2ddc _cBK |
||
| 945 | _aInventariado, 2018 /LP | ||
| 956 |
_aYngrid Lockward _b10 |
||
| 999 |
_c8571 _d8571 |
||